El liderazgo político: análisis de casos

Furkejuvvon:
Bibliográfalaš dieđut
Váldodahkki: Roa Suárez, Hernando (Dahkki)
Materiálatiipa: Girji
Giella:espánnjágiella
Almmustuhtton: Bogotá Universidad Pedagógica Nacional 2005
Preanttus:4a. ed
Fáttát:
Fáddágilkorat: Lasit fáddágilkoriid
Eai fáddágilkorat, Lasit vuosttaš fáddágilkora!

MARC

LEADER 00000nam a2200000 a 4500
001 UCK3499
003 CL-VaPUC
008 050429e20050000CK |||||||||||||||||spa|d
020 |a 9588226341 
082 0 4 |a 320.986  |b ROA  |2 21 
100 0 |a Roa Suárez, Hernando  |e author  |9 491550 
245 1 3 |a El liderazgo político: análisis de casos 
250 |a 4a. ed 
300 |a 269 p 
942 |c BK 
945 |d 20050429 00:00:00  |a cmena 
260 |a Bogotá  |b Universidad Pedagógica Nacional  |c 2005 
650 0 |a Historia política  |9 256974 
650 0 |a Partidos políticos  |9 254999 
650 0 |a Liderazgo político   |9 341244 
651 0 |a Colombia  |9 256424 
583 |a last modification  |c 20050429 00:00:00  |k Rodrigo Vera 
999 |c 312639  |d 312637 
952 |0 0  |1 0  |4 0  |6 320_986000000000000_ROA_2005  |7 0  |8 A  |9 383244  |a BIBDER  |b BIBDER  |d 2019-11-21  |i 4118685  |o 320.986 ROA 2005  |p 4118685  |r 2023-01-25  |w 2019-11-21  |y BK  |k DER